000 00494nam a2200181Ia 4500
008 220531s9999 xx 000 0 und d
041 _aeng
082 _bCOS / JAD
100 _aJadhavar, S. U. and Others
_973217
245 _aCost and Works Accounting
250 _a1ST
260 _aPune
_bSuccess
_c2014
300 _a8.25
542 _d09-11-2018
650 _aCost And Work Accounting
_973218
906 _cS.Y.B.Com.
_d2018-2019
_eElantas Beck Co.
_f14607
999 _c40838
_d40838